1893 1608 1709 1789 1379 1042 1295 1424 1429 1433 1310 1422 1206 1330 1584 1458 1557 1137 1793 1821 1061 1990 1873 1716 1265 1221 1345 1261 1711 1222 1027 1773 1747 1851 1836 1712 1535 1254 1114 1711 1118 1955 1575 1015 1807 1582 1918 1419 1264 1204 1942 1998 1618 1885 1222 1111 1526 1805 1281 1387 1057 1922 1323 1640 1610 1688 1761 1027 1937 1110 1506 1499 1287 1133 1123 1656 1490 1156 1918 1401 1641 1078 1774 1780 1018 1870 1111 1558 1673 1968 1212 1978 1200 1517 1931 1645 1007 1973 1831 BCNSPRNW ULIB Ver.6.0+V

เปลี่ยนเป็นภาษาไทย

Change to English
 แสดงรายละเอียดบรรณานุกรม
  กลับหน้าหลัก

Brief Record : Get Marc (ISO 2709) : E-mail record : QR code < ปิดหน้าต่าง
LEADER : 00000nam 2200000uu 4500
001    13399113510
003     ULIB
008    110627s2551||||th 000 0 tha d
020    9789740468110
090    นว.^bค129ฝ 2551
100 0  คณิตยา
245 00 ฝากรัก..ผ่านซีบ็อกซ์/^cคณิตยา
250    พิมพ์ครั้งที่ 1
260    กรุงเทพฯ :^bพิมพ์คำ,^c2551
300    269 หน้า
710 1  พิมพ์คำ
945    ^p180^l0^i026754
995    ทศพร
999 ^a ใช้งานได้ทุกระบบ
รายการนี้ยังไม่มีแท็ก
คุณยังไม่ได้ล็อกอิน คุณสามารถมีกิจกรรมร่วมกับเว็บไซต์ได้ แต่ต้องล็อกอินก่อน ::
  ล็อกอิน

รายการสื่อสารสนเทศ

ลำดับที่ ประเภท เลขเรียก/บาร์โค้ด สถานที่ สถานะ
1. นวนิยาย
นวนิยาย
นว. ค129ฝ 2551 ฉ.1 
  Barcode: 026754
ห้องสมุดวิทยาเขตสวรรค์ประชารักษ์
►นวนิยาย
บนชั้น
  ขอยืม

รายการใกล้เคียง
    ผู้แต่ง [คณิตยา]

BibComment


ยังไม่เคยถูกคอมเมนท์

คอมเมนท์ทรัพยากรรายการนี้
  คอมเมนท์: ฝากรักผ่านซีบ็อกซ..


 Copyright 2026. Bcnsprnw @Library